000 00370pab a2200145 454500
008 180718b2003 xxu||||| |||| 00| 0 eng d
100 _aDhameja, Nand
245 _aInfrastructure management and financing - emerging issues
260 _c2003
300 _ap.1-19.
362 _aApr-Jun
650 _aInfrastructure development
773 _aNagarlok
909 _a61753
999 _c61753
_d61753